Score 0/13 Timer 02:00
4 Plays Today
Movie Missing Word % Correct
I Know What You _____ Last SummerDid
95.9%
All About _____Eve
85.6%
______ of the BeholderEye
81.5%
Stop! Or My _____ Will ShootMom
78.9%
_____ and the KingAnna
65.2%
_____ and Her SistersHannah
64.5%
What About _____?Bob
57%
High _____Noon
56.5%
Getting Even with _____Dad
50.3%
The Singing _____Nun
41.6%
No Good _____Deed
28.1%
The Battle of the _____Sexes
16.6%
Call Me _____Madam
10.4%

Today's Daily Dose

Remove Ads.
Support Sporcle.
Get the best of Sporcle when you Go Orange. This ad-free experience offers more features, more stats, and more fun while also helping to support Sporcle. Thank you for becoming a member.

You're not logged in!

Compare scores with friends on all Sporcle quizzes.
OR
Log In

Show Comments

Extras

Top Quizzes Today


Score Distribution

Your Account Isn't Verified!

In order to create a playlist on Sporcle, you need to verify the email address you used during registration. Go to your Sporcle Settings to finish the process.

Report this User

Report this user for behavior that violates our Community Guidelines.

Details: